[Event "ROM-ch U10"]
[Site "Calimanesti Caciulata"]
[Date "2019.04.19"]
[Round "6"]
[White "Vasilescu, Ioan M"]
[Black "Vlad, Eduard Cristian"]
[Result "1/2-1/2"]
[WhiteElo "1010"]
[BlackElo "1001"]
[PlyCount "48"]
[EventDate "2019.04.15"]
[EventType "swiss"]
[EventRounds "9"]
[EventCountry "ROU"]
[SourceTitle "CBM 190 Extra"]
[Source "ChessBase"]
[SourceDate "2019.07.15"]
[SourceVersion "1"]
[SourceVersionDate "2019.07.15"]
[SourceQuality "1"]

1. e4 e5 2. Nf3 Nc6 3. Bc4 Bc5 4. c3 d6 5. d3 h6 6. 0-0 Nf6 7. Bb3 0-0 8. Be3 Bb6 9. Re1 Bg4 10. h3 Be6 11. Bc2 Qe7 12. Nbd2 d5 13. exd5 Nxd5 14. Bxb6 axb6 15. d4 exd4 16. Nxd4 Qf6 17. Nxe6 fxe6 18. Qf3 Qg5 19. Qe2 Nf4 20. Qg4 Qf6 21. Nf3 Rf7 22. Bb3 Re8 23. Rad1 Na5 24. Ba4 Ra8 1/2-1/2

[Event "ROM-ch U10"]
[Site "Calimanesti Caciulata"]
[Date "2019.04.16"]
[Round "2"]
[White "Vlad, Eduard Cristian"]
[Black "Necula, Vlad Eduard"]
[Result "0-1"]
[WhiteElo "1001"]
[BlackElo "1010"]
[PlyCount "48"]
[EventDate "2019.04.15"]
[EventType "swiss"]
[EventRounds "9"]
[EventCountry "ROU"]
[SourceTitle "CBM 190 Extra"]
[Source "ChessBase"]
[SourceDate "2019.07.15"]
[SourceVersion "1"]
[SourceVersionDate "2019.07.15"]
[SourceQuality "1"]

1. e4 e5 2. Nf3 Nc6 3. Bc4 Bc5 4. d3 Nf6 5. Bg5 h6 6. Bh4 d6 7. h3 Bd7 8. Nc3 a6 9. 0-0 g5 10. Bg3 g4 11. Nd2 gxh3 12. gxh3 Bxh3 13. Re1 Rg8 14. Nf3 Rxg3+ 15. Kh2 Qd7 16. fxg3 Nh5 17. Ne2 Qg4 18. d4 Nxd4 19. Rf1 Nxf3+ 20. Kh1 Nxg3+ 21. Nxg3 Bxf1 22. Qxf1 Qxg3 23. Qg2 Qh4+ 24. Qh2 Qxh2# 0-1